00821nam a22001937a 450000500170000000800410001702000180005804000070007604100080008308200180009110000190010924500420012825000120017026000490018230000360023152002820026765000590054970000190060820240108105555.0240108b ||||| |||| 00| 0 eng d a9780534537753 cAL aeng 223a550bMONP aJames S Monroe aPhysical geology: exploring the earth a3rd ed. aNew YorkbWadsworth Publishing Companyc1998 axxxviii,646p.bPBc27.5x21.5cm. aAn overview of the physical aspects of the Earth's processes, above and below the surface, this text focuses on plate tectonics and the role that shifting plates have on the Earth's dynamic systems. The text also integrates environmental and economic geology themes throughout. 2Earth sciences and geologyaEarth sciences and geology aWicander, Reed